|
|
|
|
| LEADER |
00000nab a2200000 a 4500 |
| 001 |
vtls000839877 |
| 003 |
SK-MaSNL |
| 005 |
20260304121358.0 |
| 008 |
250429c2002 xo 0 slo |
| 015 |
|
|
|a SNBRA2003/07-19772
|
| 035 |
|
|
|a CLN000191532
|
| 035 |
|
|
|a urn:nbn:sk:snk-abqcz
|
| 035 |
|
|
|a (urnnbn)urn:nbn:sk:snk:ar-a03ovv
|
| 035 |
|
|
|a (uuid)155b53c5-a75b-4eb6-9e1c-7d93a2de0bd8
|
| 040 |
|
|
|a SNKBUCL
|b slo
|c SNKBUCL
|e AACR2
|
| 041 |
0 |
|
|a slo
|
| 044 |
|
|
|a xo
|c SK
|
| 080 |
|
|
|a 02-051
|2 1997
|
| 080 |
|
|
|a 929 Kotvan, Imrich
|2 1997
|
| 100 |
1 |
|
|a Parenička, Pavol,
|d 1959-
|4 aut
|9 100367
|
| 245 |
1 |
0 |
|a Biografické súradnice Imricha Kotvana
|c Pavol Parenička
|
| 504 |
|
|
|a Bibliogr. odkazy
|
| 600 |
1 |
7 |
|a Kotvan, Imrich,
|d 1910-1984
|2 snkbucl
|9 101596
|
| 655 |
|
7 |
|a články zo zborníkov
|2 snkbucl
|9 166140
|
| 773 |
0 |
|
|t Kniha 2001-2002
|d Martin : Slovenská národná knižnica, 2002
|g S. 520-523
|z 8089023193
|
| 850 |
|
|
|a Slovenská národná knižnica
|
| 852 |
|
|
|a Slovenská národná knižnica
|
| 954 |
|
|
|a odborná, vedecká literatúra pôvodná (slovenská)
|2 lita
|
| 958 |
|
|
|a article27
|
| 958 |
|
|
|a NB
|
| 958 |
|
|
|a BX
|
| 958 |
|
|
|a KL
|
| 958 |
|
|
|a OND
|
| 958 |
|
|
|a EUIPO
|
| 999 |
|
|
|c 2884809
|d 2886739
|